000 00360 a2200169 4500
001 49827
020 _a8526011235
040 _cAnchieta - Bela Vista
100 _aSandroni, Paula
240 1 0 _aA casa dos bichos
_lpor
245 1 0 _aA casa dos bichos
300 _a16
362 0 _a2006
440 1 _aGlobal
650 4 _aLiteratura juvenil
942 _cBK
999 _c49827
_d49827